Muzzy Comes Back : a video English course for children : angličtina pro nejmenší : cvičebnice k televiznímu kursu BBC /

Další autoři: Webster, Diana, Smillie, Martin
Jazyk: Čeština
Vydáno: Praha : SNTL, 1991
Vydání: 1. vyd.
Témata:
Externí odkaz: Digitalizovaný dokument
Fyzický popis: 125 s. : barev. obr. ; 30 cm
Knihy
Uloženo v:
LEADER 01501nam a22003492a 4500
001 000888835
003 CZ BrMZK
005 20161123080935.0
007 ta
008 080307s1991 xr er|||||||||||cze d
015 |a cnb002447615  |z cnb000070251 
020 |a 80-03-00362-8  |q (Brož.) 
035 |a (OCoLC)85684654 
040 |a ABA001  |b cze  |d ABA001 
080 |a 372.8  |2 undef 
080 |a 802.0  |2 undef 
245 0 0 |a Muzzy Comes Back :  |b a video English course for children : angličtina pro nejmenší : cvičebnice k televiznímu kursu BBC /  |c [sest.] Diana Webster ; illustrated by Martin Smillie ; designed by Julian Holland 
250 |a 1. vyd. 
260 |a Praha :  |b SNTL,  |c 1991  |f (Mír) 
300 |a 125 s. :  |b barev. obr. ;  |c 30 cm 
500 |a Volně navazuje na kurs Muzzy in Gondoland 
500 |a Přetisk cvičebnice k televiznímu kursu angličtiny Muzzy Comes Back, vyd. v British Broadcasting Corporation v Londýně r. 1989 
500 |a Dostupné též v digitální podobě v aplikaci Kramerius 
655 7 |a učebnice  |7 fd133770  |2 czenas 
700 1 |a Webster, Diana  |7 kv2006277182  |4 com 
700 1 |a Smillie, Martin  |4 com  |4 ill 
856 4 1 |u http://www.digitalniknihovna.cz/mzk/uuid/uuid:f1748af0-b20b-11e6-a108-005056827e51  |y Digitalizovaný dokument  |x NDK 
910 |a BOA001  |b 4-0971.401 
964 |a Angličtina - jučebnice pro děti 
990 |a BK 
991 |b 200803 
996 7 |b 2619341662  |c 4-0971.401  |l MZK  |r Sklad / do 1 hodiny  |n 2  |w 000888835  |u 000010  |a 1  |e BOA001  |j MZK50  |s A